| 000 | 01337nam0a2200301 4500 | ||
|---|---|---|---|
| 001 | RU\NLR\BIBL_A\012782164 | ||
| 005 | 20260406185904.0 | ||
| 035 | _a(NLR Aleph) 012782164 | ||
| 090 |
_a13126555 _c13126555 |
||
| 100 | _a20220510d1977 |||y0rusy50 ca | ||
| 101 | 0 | _aukr | |
| 102 | _aRU | ||
| 105 | _ay|||ac||000zb | ||
| 181 | 0 |
_ai _baxxe |
|
| 182 | 0 | _an | |
| 200 | 1 |
_aМарко Лукич Кропивницький _eбiблiографiчний покажчик _fКiровоградське обласне управлiння культури, Обласна наукова бiблiотека iм. Н.К. Крупськоï _g[склали: Шуменко Л.Г., Погребняк I.О.] |
|
| 203 |
_aТекст _bвизуальный _cнепосредственный |
||
| 210 |
_aКiровоград _c[б. и.] _d1977 (печ. 1978) |
||
| 215 |
_a13 с. _d19 |
||
| 702 | 1 |
_aШуменко _bЛ. Г. _4220 |
|
| 702 | 1 |
_aКропивницький _bМ. Л. _f1840-1910 _gМарко Лукич _4280 |
|
| 712 | 0 | 2 |
_4220 _8ukr _aКiровоградська обласна наукова бiблiотека iм. Н. К. Крупськоï _7ca _3RU\NLR\AUTH\889951631 _9399215 |
| 852 |
_aNLR _j641/К-83 |
||
| 942 | _cBOOK | ||
| 980 | _aNB | ||